000 00227 a2200097 4500
001 49021
100 _aAmin Muhammad
245 _aJourney Through Pakistan
260 _aNairobi
_bCamera pix Pub. Int.
_c
090 _c31838
_d31838
942 _aNUST-CAE
_cM
_c24267
999 _c284094
_d284094